[Event "The Old Ones Are Sometimes The Best. . . "]
[Site "SchemingMind.com"]
[Date "2011.09.15"]
[Round "-"]
[White "HAZOP"]
[Black "jtrochez1"]
[Result "0-1"]
[WhiteCountry "ALG"]
[BlackCountry "HON"]
[WhiteElo "1329"]
[WhiteRD "74"]
[BlackElo "1606"]
[BlackRD "54"]
[GameID "293041"]

1. e4 e6 2. Nc3 Bc5 3. Nf3 d6 4. g3 Ne7 5. Bg2 a6 6. O-O c6 7. d4 Ba7 8. Re1 O-O 9. b3 Ng6 10. Bb2 d5
11. exd5 cxd5 12. Ne2 Nc6 13. Rb1 Re8 14. a4 b5 15. axb5 axb5 16. Qd3 Rb8 17. c4 Nb4 18. Qc3 Na2 19. Qd2 bxc4 20. bxc4 Nb4
21. cxd5 Nxd5 22. Red1 Ba6 23. Kf1 Qe7 24. Ne5 Nxe5 25. dxe5 Bxe2+ 26. Qxe2 Bc5 27. Bxd5 exd5 28. Rxd5 Ba3 29. Bxa3 Rxb1+ 30. Kg2 Qxa3
31. Rb5 Qa8+ 32. f3 Rxb5 33. Qxb5 Qa2+
0-1

[Event "The Old Ones Are Sometimes The Best. . . "]
[Site "SchemingMind.com"]
[Date "2011.09.15"]
[Round "-"]
[White "HAZOP"]
[Black "agulla"]
[Result "0-1"]
[WhiteCountry "ALG"]
[BlackCountry "ESP"]
[WhiteElo "1542"]
[WhiteRD "113"]
[BlackElo "1787"]
[BlackRD "118"]
[GameID "293042"]

1. e4 e6 2. g3 d5 3. Bg2 dxe4 4. Bxe4 Nf6 5. Bg2 Bc5 6. Nf3 O-O 7. d4 Bb6 8. O-O c5 9. dxc5 Bxc5 10. Be3 Bxe3
11. Qxd8 Bxf2+ 12. Rxf2 Rxd8 13. Nbd2 Nc6 14. c3 Bd7 15. Rff1 Ne7 16. Ne5 Ned5 17. c4 Ne3 18. Rf3 Nxg2 19. Kxg2 Bc6
0-1

[Event "The Old Ones Are Sometimes The Best. . . "]
[Site "SchemingMind.com"]
[Date "2011.09.19"]
[Round "-"]
[White "HAZOP"]
[Black "cnile"]
[Result "0-1"]
[WhiteCountry "ALG"]
[BlackCountry "SCO"]
[WhiteElo "1329"]
[WhiteRD "74"]
[BlackElo "1504"]
[BlackRD "59"]
[GameID "293043"]

1. e4 e6 2. b3 c5 3. Bb2 Nc6 4. Bb5 d6 5. Nc3 Ne7 6. Nf3 Bd7 7. O-O a6 8. Bxc6 Bxc6 9. d3 Ng6 10. Re1 e5
11. Rb1 Be7 12. Qe2 O-O 13. a3 Rc8 14. Kh1 Bd7 15. Kg1 Bg4 16. h3 Nf4 17. Qd2 Bxf3 18. gxf3 Nxh3+ 19. Kg2 Nf4+ 20. Kf1 Bg5
21. Qd1 Bh6
0-1

[Event "The Old Ones Are Sometimes The Best. . . "]
[Site "SchemingMind.com"]
[Date "2011.09.16"]
[Round "-"]
[White "HAZOP"]
[Black "aadaam"]
[Result "0-1"]
[WhiteCountry "ALG"]
[BlackCountry "INT"]
[WhiteElo "1329"]
[WhiteRD "74"]
[BlackElo "1647"]
[BlackRD "77"]
[GameID "293044"]

1. e4 e6 2. g3 d5 3. exd5 exd5 4. Bg2 Nf6 5. d4 Be7 6. Nf3 O-O 7. O-O Re8 8. Nc3 Bg4 9. Bg5 h6 10. Bxf6 Bxf6
11. h3 Bf5 12. Kh2 c6 13. Rc1 Nd7 14. Re1 Qc7 15. a3 Nf8 16. Rxe8 Rxe8 17. Ng1 Ne6 18. Nf3 Ng5 19. h4 Nxf3+ 20. Bxf3 Bxh4
21. Bg4 Bxg4 22. Qxg4 Bg5 23. Rh1 Qc8 24. Qxc8 Rxc8 25. Kg2 Re8 26. b3 Bd2 27. Nb1 Bg5 28. c4 Re2 29. cxd5 cxd5 30. Nc3 Rb2
31. b4 Rb3 32. Nb5 a6 33. Nc7 Rxa3 34. Nxd5 Rd3 35. f4 Bd8 36. Rb1 Rxd4
0-1

[Event "The Old Ones Are Sometimes The Best. . . "]
[Site "SchemingMind.com"]
[Date "2011.09.20"]
[Round "-"]
[White "HAZOP"]
[Black "Olli Ylönen"]
[Result "0-1"]
[WhiteCountry "ALG"]
[BlackCountry "FIN"]
[WhiteElo "1329"]
[WhiteRD "74"]
[BlackElo "1778"]
[BlackRD "48"]
[GameID "293045"]

1. e4 e6 2. g3 d5 3. Bg2 dxe4 4. Bxe4 Nf6 5. Bg2 c5 6. Nc3 g6 7. Nf3 Bg7 8. O-O O-O 9. d3 Nc6 10. Bg5 Rb8
11. Rb1 h6 12. Bxf6 Bxf6 13. a3 Nd4 14. Re1 Nxf3+ 15. Bxf3 Bxc3 16. bxc3 b6 17. d4 cxd4 18. cxd4 Bb7 19. Bxb7 Rxb7 20. Qd2 Re8
21. Qxh6 Qxd4 22. Rbd1 Qg7 23. Qxg7+ Kxg7 24. Kg2 Rc7 25. Rd2 Rc3 26. Ra1 Rec8 27. Ra2 b5 28. Rb2 a6 29. h3 Rxa3 30. h4 Rac3
31. Ra2 Ra8 32. Rd3 Rxd3 33. cxd3 a5
0-1

[Event "The Old Ones Are Sometimes The Best. . . "]
[Site "SchemingMind.com"]
[Date "2011.09.16"]
[Round "-"]
[White "cnbcad"]
[Black "HAZOP"]
[Result "1-0"]
[WhiteCountry "USA"]
[BlackCountry "ALG"]
[WhiteElo "1690"]
[WhiteRD "68"]
[BlackElo "1398"]
[BlackRD "91"]
[GameID "293046"]

1. e4 e6 2. f4 c6 3. Nf3 Ne7 4. d4 d6 5. Nc3 Nd7 6. Bd3 f6 7. O-O g6 8. e5 d5 9. exf6 Nf5 10. f7+ Kxf7
11. Ng5+ Kf6 12. Qe1 Qe7 13. b3 Nb6 14. Qe5#
1-0

[Event "The Old Ones Are Sometimes The Best. . . "]
[Site "SchemingMind.com"]
[Date "2011.09.15"]
[Round "-"]
[White "jtrochez1"]
[Black "HAZOP"]
[Result "1-0"]
[WhiteCountry "HON"]
[BlackCountry "ALG"]
[WhiteElo "1606"]
[WhiteRD "54"]
[BlackElo "1329"]
[BlackRD "74"]
[GameID "293047"]

1. e4 e6 2. d4 b6 3. Nf3 Bb7 4. Bd3 Ne7 5. Nc3 d6 6. O-O Nd7 7. Be3 g6 8. Qd2 Bg7 9. Bh6 O-O 10. Bxg7 Kxg7
11. d5 exd5 12. exd5 Nxd5 13. Nxd5 Bxd5 14. c4 Bxf3 15. gxf3 Nc5 16. Bc2 h6 17. Rfe1 c6 18. Re3 Qf6 19. Qc3 Qxc3 20. Rxc3 f6
21. b4 Ne6 22. a4 Nd4 23. Bd1 Rfe8 24. Re3 Nf5 25. Rxe8 Rxe8 26. Kf1 g5 27. Bc2 Nd4 28. Bd1 h5 29. h3 Kh6 30. Kg2 Re1
31. c5 dxc5 32. bxc5 Ne2 33. Kh2 Nc3 34. cxb6
1-0

[Event "The Old Ones Are Sometimes The Best. . . "]
[Site "SchemingMind.com"]
[Date "2011.09.16"]
[Round "-"]
[White "agulla"]
[Black "HAZOP"]
[Result "1-0"]
[WhiteCountry "ESP"]
[BlackCountry "ALG"]
[WhiteElo "1892"]
[WhiteRD "96"]
[BlackElo "1398"]
[BlackRD "91"]
[GameID "293048"]

1. e4 e6 2. d3 Ne7 3. f4 d6 4. Nf3 c5 5. Be2 g6 6. O-O Bg7 7. c3 O-O 8. Kh1 Nbc6 9. d4 cxd4 10. cxd4 d5
11. e5 f6 12. Nc3 fxe5 13. fxe5 b6 14. Nb5 Ba6 15. Ng5 Rxf1+ 16. Bxf1 Bxb5 17. Bxb5 Qd7 18. Be3 Bh6 19. Rc1 Rc8 20. h4 Ra8
21. h5 Kg7 22. Qg4 Rc8 23. Nxe6+ Kf7 24. hxg6+ hxg6 25. Ng5+ Ke8 26. e6 Qb7 27. Nf7 Bxe3 28. Nd6+
1-0

[Event "The Old Ones Are Sometimes The Best. . . "]
[Site "SchemingMind.com"]
[Date "2011.09.20"]
[Round "-"]
[White "cnile"]
[Black "HAZOP"]
[Result "1-0"]
[WhiteCountry "SCO"]
[BlackCountry "ALG"]
[WhiteElo "1504"]
[WhiteRD "59"]
[BlackElo "1329"]
[BlackRD "74"]
[GameID "293049"]

1. e4 e6 2. d4 d5 3. Nd2 Nc6 4. c3 Nge7 5. Bd3 g6 6. Ngf3 Bg7 7. Nb3 O-O 8. exd5 exd5 9. O-O Bg4 10. Be2 Bxf3
11. Bxf3 Rb8 12. Re1 h6 13. Be3 Nf5 14. Bf4 g5 15. Bd2 Re8 16. Nc5 b6 17. Nd3 Rxe1+ 18. Qxe1 Nce7 19. Bg4
1-0

[Event "The Old Ones Are Sometimes The Best. . . "]
[Site "SchemingMind.com"]
[Date "2011.09.17"]
[Round "-"]
[White "aadaam"]
[Black "HAZOP"]
[Result "1-0"]
[WhiteCountry "INT"]
[BlackCountry "ALG"]
[WhiteElo "1624"]
[WhiteRD "73"]
[BlackElo "1398"]
[BlackRD "91"]
[GameID "293050"]

1. e4 e6 2. d4 d5 3. Nc3 Bb4 4. e5 Ne7 5. a3 Bxc3+ 6. bxc3 O-O 7. Nf3 f6 8. Bd3 Nbc6 9. exf6 Rxf6 10. Bg5 Rf8
11. O-O Qd6 12. Re1 h6 13. Bh4 b6 14. Bg3 Qd7 15. Qe2 Rb8 16. c4 Ra8 17. Be5 Nxe5 18. Nxe5 Qe8 19. cxd5 Nxd5 20. Qe4 Nf6
21. Qxa8 Qh5 22. Qf3 Qxf3 23. Nxf3 Bb7 24. Rxe6 Bxf3 25. gxf3 Kf7 26. Rae1 Re8 27. Rxe8 Nxe8 28. Bg6+
1-0

[Event "The Old Ones Are Sometimes The Best. . . "]
[Site "SchemingMind.com"]
[Date "2011.09.20"]
[Round "-"]
[White "Olli Ylönen"]
[Black "HAZOP"]
[Result "1-0"]
[WhiteCountry "FIN"]
[BlackCountry "ALG"]
[WhiteElo "1778"]
[WhiteRD "48"]
[BlackElo "1329"]
[BlackRD "74"]
[GameID "293051"]

1. e4 e6 2. d4 d5 3. exd5 Qxd5 4. Nf3 Ne7 5. c4 Qd8 6. Be2 g6 7. O-O Bg7 8. Nc3 O-O 9. d5 exd5 10. cxd5 Bxc3
11. bxc3 Qxd5 12. Ba3 Qxd1 13. Rfxd1 Re8 14. Bxe7 Nc6 15. Bb5 Rxe7 16. Bxc6 bxc6 17. Rd8+ Kg7 18. Rb1 Rd7 19. Re8 Bb7 20. Rxa8 Bxa8
21. Kf1 c5 22. Ne5 Rd2 23. Rb8 Bd5 24. Rc8 Bb7 25. Rxc7 Ba6+ 26. Ke1 Re2+ 27. Kd1 Rxe5 28. Rxa7 Be2+ 29. Kd2 Bb5 30. Kd1 Re2
31. Ra5 Bd3 32. Rxc5 Rxa2 33. Rd5
1-0

[Event "The Old Ones Are Sometimes The Best. . . "]
[Site "SchemingMind.com"]
[Date "2011.09.22"]
[Round "-"]
[White "lennart"]
[Black "cnbcad"]
[Result "1-0"]
[WhiteCountry "SWE"]
[BlackCountry "USA"]
[WhiteElo "1506"]
[WhiteRD "53"]
[BlackElo "1522"]
[BlackRD "58"]
[GameID "293586"]

1. e4 e6 2. d4 d5 3. e5 Nd7 4. Nf3 f6 5. exf6 Ngxf6 6. Be2 c5 7. dxc5 Bxc5 8. Nc3 O-O 9. O-O Qc7 10. g3 Ng4
11. Kg2 Nde5 12. Nxe5 Nxe5 13. Nb5 Qc6 14. Nd4 Bxd4 15. Qxd4 Nc4 16. Kg1 e5 17. Qh4 b6 18. b3 Nd6 19. Bb2 d4 20. Rac1
1-0

[Event "The Old Ones Are Sometimes The Best. . . "]
[Site "SchemingMind.com"]
[Date "2011.09.22"]
[Round "-"]
[White "lennart"]
[Black "jtrochez1"]
[Result "1-0"]
[WhiteCountry "SWE"]
[BlackCountry "HON"]
[WhiteElo "1535"]
[WhiteRD "54"]
[BlackElo "1625"]
[BlackRD "51"]
[GameID "293587"]

1. e4 e6 2. d4 g6 3. Nf3 d6 4. Bd3 Bg7 5. O-O Ne7 6. Nc3 a6 7. e5 d5 8. Be2 Bd7 9. Bd3 Nbc6 10. a3 Nf5
11. Bxf5 gxf5 12. b4 b5 13. Ne2 Ne7 14. c3 Ng6 15. Nf4 Nxf4 16. Bxf4 c6 17. Re1 h6 18. Bg3 O-O 19. Bh4 f6 20. exf6 Bxf6
21. Bxf6 Qxf6 22. Ne5 Be8 23. Re3 Kh7 24. Qd3 Rg8 25. Rh3 Ra7 26. Re1 Rag7 27. g3 Qd8 28. Qe3 Qf6 29. Qd3 Kh8 30. f4 Rh7
31. a4 Qd8 32. axb5 cxb5 33. Ra1 Qb6 34. Kg2 h5 35. Rh4 Rh6 36. h3 Qd8 37. Kf3 Qb6 38. Qe3 Kg7 39. Rg1 Kh7 40. Ke2 a5
41. g4 fxg4 42. hxg4 hxg4 43. Qd3+ Bg6 44. Rxh6+ Kxh6 45. Nxg4+ Kg7 46. Qh3 Rh8 47. Qe3 Qd6 48. Ne5 Rh6 49. Qd3 Rh2+ 50. Kf1 Rh6
51. Rxg6+
1-0

[Event "The Old Ones Are Sometimes The Best. . . "]
[Site "SchemingMind.com"]
[Date "2011.09.23"]
[Round "-"]
[White "lennart"]
[Black "agulla"]
[Result "0-1"]
[WhiteCountry "SWE"]
[BlackCountry "ESP"]
[WhiteElo "1491"]
[WhiteRD "52"]
[BlackElo "1892"]
[BlackRD "96"]
[GameID "293588"]

1. e4 e6 2. d4 d5 3. Bd3 c5 4. dxc5 dxe4 5. Bb5+ Nd7 6. Ne2 Bxc5 7. O-O Ne7 8. Re1 O-O 9. Nec3 f5 10. Bc4 Ne5
11. Qxd8 Rxd8 12. Be2 Nd5 13. Bg5 Rd7 14. Nxd5 exd5 15. Kh1 Nf7 16. Bh4 g5 17. Bxg5 Nxg5 18. Nc3 Bxf2 19. Red1 d4 20. Bc4+ Kg7
21. Na4 Rc7 22. b3 Be6 23. Nb2 Bxc4 24. bxc4 Rd8 25. Rf1 e3 26. Nd3 Ne4 27. Nc1 Rxc4 28. Rb1 Rd7 29. Rb5 Kf6 30. h3 Ng3+
0-1

[Event "The Old Ones Are Sometimes The Best. . . "]
[Site "SchemingMind.com"]
[Date "2011.09.23"]
[Round "-"]
[White "lennart"]
[Black "cnile"]
[Result "1-0"]
[WhiteCountry "SWE"]
[BlackCountry "SCO"]
[WhiteElo "1491"]
[WhiteRD "52"]
[BlackElo "1437"]
[BlackRD "62"]
[GameID "293589"]

1. e4 e6 2. d4 d5 3. e5 c5 4. dxc5 Bxc5 5. Bd3 Nc6 6. Nf3 Qb6 7. O-O Nge7 8. Nh4 Bd7 9. a3 Qc7 10. b4 Bb6
11. c3 Nxe5 12. Bc2 h6 13. h3 N7c6 14. a4 a5 15. b5 Ne7 16. Bf4 N7g6 17. Bxg6 Nf3+ 18. Qxf3 Qd8 19. Bxf7+ Ke7 20. Be5
1-0

[Event "The Old Ones Are Sometimes The Best. . . "]
[Site "SchemingMind.com"]
[Date "2011.09.22"]
[Round "-"]
[White "lennart"]
[Black "aadaam"]
[Result "0-1"]
[WhiteCountry "SWE"]
[BlackCountry "INT"]
[WhiteElo "1491"]
[WhiteRD "52"]
[BlackElo "1624"]
[BlackRD "73"]
[GameID "293590"]

1. e4 e6 2. d4 d5 3. e5 c5 4. dxc5 Bxc5 5. Nf3 Ne7 6. Bb5+ Bd7 7. Bxd7+ Nxd7 8. Nbd2 Qc7 9. O-O Nxe5 10. Nxe5 Qxe5
11. Nf3 Qc7 12. c3 O-O 13. b4 Bd6 14. g3 Qxc3 15. Bd2 Qa3 16. Nd4 Be5 17. Nb5 Qd3 18. Rb1 Qxb5 19. a4 Qd7 20. b5 Rfc8
21. Qe2 f6 22. Qg4 Rc4 23. Qh3 Rxa4 24. Kg2 a6 25. b6 Rc8 26. Rfd1 Rc6 27. Qh5 Rac4 28. g4 Ng6 29. Kh1 Nf4 30. Qh4 Qd6
31. Rg1 Rxb6 32. Rbe1 Rb3
0-1

[Event "The Old Ones Are Sometimes The Best. . . "]
[Site "SchemingMind.com"]
[Date "2011.09.22"]
[Round "-"]
[White "lennart"]
[Black "Olli Ylönen"]
[Result "1/2-1/2"]
[WhiteCountry "SWE"]
[BlackCountry "FIN"]
[WhiteElo "1491"]
[WhiteRD "52"]
[BlackElo "1759"]
[BlackRD "55"]
[GameID "293591"]

1. e4 e6 2. d4 d5 3. e5 c5 4. dxc5 Bxc5 5. Be3 Bxe3 6. fxe3 Qb6 7. Qe2 Qxb2 8. Qb5+ Qxb5 9. Bxb5+ Bd7 10. Bxd7+ Nxd7
11. Ne2 Nxe5 12. Nd2 Nc4 13. Nxc4 dxc4 14. Rb1 Rb8 15. Rb4 b5 16. Nc3 a6 17. Kf2 Ne7 18. Rd1 O-O 19. a4 bxa4 20. Rxa4 Rb2
21. Rd2 Nd5 22. Nxd5 exd5 23. Rxa6 c3 24. Re2 Rd8 25. Kf3 h6 26. Ra4 Rc8 27. h3 Rc4 28. Ra3 h5 29. Ra8+ Kh7 30. Rd8 Rb5
31. Re1 g5 32. Rd1 Rb2 33. R8xd5 Rxc2 34. R5d4 Rxd4 35. Rxd4 Rb2 36. Rd1 Rd2 37. Rxd2 cxd2 38. Ke2 Kg6 39. Kxd2 Kf5 40. Ke2 h4
41. Kf3 f6 42. e4+ Ke5 43. Ke3 f5 44. exf5 Kxf5 45. Kf3 Kg6 46. Kg4 Kf6 47. g3 hxg3 48. Kxg3 Kf5=
1/2-1/2

[Event "The Old Ones Are Sometimes The Best. . . "]
[Site "SchemingMind.com"]
[Date "2011.09.22"]
[Round "-"]
[White "lennart"]
[Black "HAZOP"]
[Result "1-0"]
[WhiteCountry "SWE"]
[BlackCountry "ALG"]
[WhiteElo "1491"]
[WhiteRD "52"]
[BlackElo "1398"]
[BlackRD "91"]
[GameID "293592"]

1. e4 e6 2. d4 d5 3. e5 Be7 4. Nf3 Nd7 5. Bd3 f6 6. exf6 Ngxf6 7. O-O O-O 8. Re1 Nb6 9. Bf4 Bd6 10. Bg5 Be7
11. b3 c6 12. c4 Rb8 13. c5 Re8 14. Ne5 Nbd7 15. Re3 Nxe5 16. dxe5 Nd7 17. Bxe7 Qxe7 18. b4 b6 19. Rg3 Nxe5 20. Nd2 Nxd3
21. Rxd3 bxc5 22. bxc5 Qxc5 23. Nb3 Qd6 24. Rc1 Ba6 25. Rdc3 Rbc8 26. a4 e5 27. g3 Kh8 28. Nc5 d4 29. Rb3 Qd5 30. Nxa6 c5
31. Rb5 Qe6 32. Nxc5 Qf6 33. Ne4 Rxc1 34. Qxc1 Qf3 35. Ng5 Qa3 36. Qxa3
1-0

[Event "The Old Ones Are Sometimes The Best. . . "]
[Site "SchemingMind.com"]
[Date "2011.09.24"]
[Round "-"]
[White "cnbcad"]
[Black "lennart"]
[Result "0-1"]
[WhiteCountry "USA"]
[BlackCountry "SWE"]
[WhiteElo "1690"]
[WhiteRD "68"]
[BlackElo "1491"]
[BlackRD "52"]
[GameID "293593"]

1. e4 e6 2. f4 Qf6 3. d4 Ne7 4. Nf3 Ng6 5. e5 Qd8 6. Be2 Bb4+ 7. c3 Ba5 8. b4 Bb6 9. Be3 a5 10. b5 c6
11. a4 O-O 12. O-O h6
0-1

[Event "The Old Ones Are Sometimes The Best. . . "]
[Site "SchemingMind.com"]
[Date "2011.09.23"]
[Round "-"]
[White "jtrochez1"]
[Black "lennart"]
[Result "0-1"]
[WhiteCountry "HON"]
[BlackCountry "SWE"]
[WhiteElo "1625"]
[WhiteRD "51"]
[BlackElo "1535"]
[BlackRD "54"]
[GameID "293594"]

1. e4 e6 2. d4 Be7 3. Nf3 Nf6 4. Bd3 O-O 5. O-O d6 6. Qe2 d5 7. e5 Ne4 8. Bxe4 dxe4 9. Qxe4 f6 10. c3 fxe5
11. dxe5 Nc6 12. Be3 a5 13. Nbd2 Qd7 14. Rad1 Qd5 15. Qxd5 exd5 16. a3 b5 17. Bd4 Nxd4 18. cxd4 Ra6 19. Ra1 Bf5 20. Ne1 a4
21. f4 Rh6 22. Nef3 Bd3 23. Rfc1 Bd8 24. g3 c6 25. Ne1 Bf5 26. Rc3 Be7 27. b4 g5 28. fxg5 Bxg5 29. Ndf3 Rg6 30. Nxg5 Rxg5
31. Rxc6 h5 32. Ng2 Bd3 33. Nf4 Bf5 34. Rc5 h4 35. Rxd5 hxg3 36. hxg3 Rxg3+ 37. Kf2 Rg7 38. Ke3 Rg3+ 39. Kd2 Be4 40. Rxb5 Rxf4
41. Re1 Rd3+ 42. Kc1 Rxa3 43. Rg1+ Kf7 44. Rd1 Ra2 45. Rc5 Rff2 46. Rc7+ Ke8 47. Rc2 Bxc2 48. Rg1 Ra1+
0-1

[Event "The Old Ones Are Sometimes The Best. . . "]
[Site "SchemingMind.com"]
[Date "2011.09.23"]
[Round "-"]
[White "agulla"]
[Black "lennart"]
[Result "1-0"]
[WhiteCountry "ESP"]
[BlackCountry "SWE"]
[WhiteElo "1787"]
[WhiteRD "118"]
[BlackElo "1479"]
[BlackRD "55"]
[GameID "293595"]

1. e4 e6 2. d3 Nf6 3. Nd2 Bc5 4. c3 d5 5. e5 Nfd7 6. d4 Bb6 7. Qg4 Rg8 8. Bd3 g6 9. h4 f5 10. exf6 Nxf6
11. Qg3 c6 12. Ngf3 Bc7 13. Ne5 Nh5 14. Qe3 Nf6 15. Ndf3 Nbd7 16. Qh6 Nf8 17. Bg5 Qe7 18. h5 Kd8 19. hxg6 Nxg6 20. Nxg6 hxg6
21. Bxg6 Bd7 22. Ne5 Be8 23. Bxe8 Bxe5 24. dxe5 Kxe8 25. Bxf6
1-0

[Event "The Old Ones Are Sometimes The Best. . . "]
[Site "SchemingMind.com"]
[Date "2011.09.23"]
[Round "-"]
[White "cnile"]
[Black "lennart"]
[Result "0-1"]
[WhiteCountry "SCO"]
[BlackCountry "SWE"]
[WhiteElo "1504"]
[WhiteRD "59"]
[BlackElo "1506"]
[BlackRD "53"]
[GameID "293596"]

1. e4 e6 2. d4 d5 3. Nd2 Nf6 4. e5 Nfd7 5. Bd3 f6 6. f4 Nb6 7. Ngf3 f5 8. Nb3 Nc6 9. Bd2 Rg8 10. Qe2 g6
11. O-O-O Qe7 12. h4 Bd7 13. c3 O-O-O 14. Kb1 Kb8 15. Bb5 Qe8 16. Qf2 h6 17. Be2 Nc4 18. Qf1 h5 19. Nc1 Nxd2+ 20. Nxd2 Na5
21. Ncb3 Nxb3 22. Nxb3 a6 23. Bxa6 bxa6 24. Qxa6 Bb5 25. Qa5 Kc8 26. Nc5 Bxc5 27. dxc5 Qc6 28. c4 Bxc4 29. Rc1 Kd7 30. Rhd1 Ra8
31. Qc3 Ke7 32. Rd4 Bxa2+ 33. Kc2 Rgb8 34. Kd2 Rb3 35. Qc2 Rab8 36. Qd1 Qb5 37. Ke1 Qa5+ 38. Kf1 Rxb2 39. Kg1 Bb3 40. Qd3 Bc4
41. Qg3 Rg8 42. Rdd1 Kd7 43. Ra1 Qxc5+ 44. Kh1 d4 45. Rac1 Rb3 46. Qf2 Qb6 47. Rxc4 Kc8 48. Qxd4 Qxd4 49. Rdxd4 Rb6 50. Ra4 Kb7
51. Kh2 Rc8 52. Rdb4 Ra8 53. Rxa8 Kxa8 54. Ra4+ Kb7 55. Rd4 c5 56. Rc4 Kc6 57. Kg3 Rb4 58. Rc3 c4 59. Kf3 Kc5 60. Ke3 Rb3
61. Kd2 Kd4 62. Rxb3 cxb3
0-1

[Event "The Old Ones Are Sometimes The Best. . . "]
[Site "SchemingMind.com"]
[Date "2011.09.22"]
[Round "-"]
[White "aadaam"]
[Black "lennart"]
[Result "1-0"]
[WhiteCountry "INT"]
[BlackCountry "SWE"]
[WhiteElo "1624"]
[WhiteRD "73"]
[BlackElo "1491"]
[BlackRD "52"]
[GameID "293597"]

1. e4 e6 2. d4 d6 3. c4 Nf6 4. Nc3 Be7 5. Nf3 b6 6. Bd3 Nbd7 7. O-O h6 8. Re1 c5 9. d5 exd5 10. exd5 O-O
11. b3 a6 12. Bb2 Ne8 13. Qc2 Ndf6 14. Ne4 Nh5 15. Qc3 Nhf6 16. Rad1 Nxe4 17. Bxe4 Bf6 18. Qc2 Bxb2 19. Qxb2 Nf6 20. a4 Nxe4
21. Rxe4 Bf5 22. Re3 Bg4 23. h3 Bh5 24. Rde1 Qd7 25. Re7 Qf5 26. Nh4 Qg5 27. g3 f6 28. Ng2 Rfd8 29. Nf4 Bf7 30. Ne6 Bxe6
31. R1xe6 Qf5 32. Kg2 Rf8 33. Rxd6 Rab8 34. Rdd7 Qg6 35. Qe2 Kh8 36. Qg4 Qxg4 37. hxg4 Rg8 38. Kf3 Kh7 39. Ke4 b5 40. axb5 axb5
41. Rc7 bxc4 42. bxc4 Rb1 43. d6
1-0

[Event "The Old Ones Are Sometimes The Best. . . "]
[Site "SchemingMind.com"]
[Date "2011.09.22"]
[Round "-"]
[White "Olli Ylönen"]
[Black "lennart"]
[Result "1-0"]
[WhiteCountry "FIN"]
[BlackCountry "SWE"]
[WhiteElo "1734"]
[WhiteRD "51"]
[BlackElo "1479"]
[BlackRD "55"]
[GameID "293598"]

1. e4 e6 2. d4 d6 3. Nf3 Nc6 4. Nc3 d5 5. e5 Bb4 6. Bd3 Bxc3+ 7. bxc3 Nge7 8. O-O O-O 9. Ba3 a6 10. Bxh7+ Kxh7
11. Ng5+ Kg8 12. Qh5
1-0

[Event "The Old Ones Are Sometimes The Best. . . "]
[Site "SchemingMind.com"]
[Date "2011.09.22"]
[Round "-"]
[White "HAZOP"]
[Black "lennart"]
[Result "0-1"]
[WhiteCountry "ALG"]
[BlackCountry "SWE"]
[WhiteElo "1329"]
[WhiteRD "74"]
[BlackElo "1506"]
[BlackRD "53"]
[GameID "293599"]

1. e4 e6 2. d4 d6 3. Nc3 c6 4. Nf3 Be7 5. Be3 Nf6 6. Bd3 O-O 7. O-O b6 8. a3 h6 9. Re1 a5 10. b4 a4
11. Ne2 Ng4 12. h3 Nxe3 13. fxe3 b5 14. g4 d5 15. exd5 Qxd5 16. e4 Qd8 17. c4 bxc4 18. Bxc4 Nd7 19. Nc3 f6 20. Bxe6+ Kh8
21. Bxd7 Bxd7 22. Qe2 Qb6 23. Kg2 Rfc8 24. d5 c5 25. bxc5 Bxc5 26. Rab1 Qd8 27. Red1 Bxa3 28. Nb5 Bf8 29. Nbd4 Qe8 30. Ra1 h5
31. Qe3 hxg4 32. hxg4 Bxg4 33. Rh1+ Kg8 34. Rh4 f5
0-1

[Event "The Old Ones Are Sometimes The Best. . . "]
[Site "SchemingMind.com"]
[Date "2011.10.06"]
[Round "-"]
[White "Queeny"]
[Black "cnbcad"]
[Result "1-0"]
[WhiteCountry "ENG"]
[BlackCountry "USA"]
[WhiteElo "1743"]
[WhiteRD "71"]
[BlackElo "1522"]
[BlackRD "58"]
[GameID "294283"]

1. e4 e6 2. d4 Nf6 3. Bg5 Be7 4. Nc3 O-O 5. Nf3 Ng4 6. Bxe7 Qxe7 7. h3 Nf6 8. Bd3 Qb4 9. e5 Nd5 10. O-O Qxb2
11. Bxh7+ Kh8 12. Nxd5 exd5 13. Ng5 d6 14. Qh5 g6 15. Bxg6+ Kg7 16. Qh7#
1-0

[Event "The Old Ones Are Sometimes The Best. . . "]
[Site "SchemingMind.com"]
[Date "2011.10.04"]
[Round "-"]
[White "Queeny"]
[Black "jtrochez1"]
[Result "0-1"]
[WhiteCountry "ENG"]
[BlackCountry "HON"]
[WhiteElo "1720"]
[WhiteRD "74"]
[BlackElo "1625"]
[BlackRD "51"]
[GameID "294284"]

1. e4 e6 2. d4 b6 3. Nc3 Bb4 4. Bd2 Bb7 5. Qg4 Bxc3 6. Bxc3 Nf6 7. Qxg7 Rg8 8. Qh6 Bxe4 9. O-O-O Nd5 10. f3 Bg6
11. Qd2 Nxc3 12. Qxc3 a6 13. Bd3 Bxd3 14. Qxd3 f5 15. g3 Nc6 16. a3 d5 17. Re1 Qf6 18. c3 Na5 19. Kc2 Nc4 20. f4 O-O-O
21. Nf3 h6 22. Nd2 Kb7 23. Nxc4 dxc4 24. Qxc4 Rd5 25. a4 Rgd8 26. b4 R8d6 27. Re3 Rxd4 28. cxd4 Rc6 29. Rc3 Rxc4 30. Rxc4 Qg7
31. Re1 Qd7 32. Rd1 Qxa4+ 33. Kc1 Qa1+ 34. Kc2 Qa2+ 35. Kc3 b5 36. Rc5 Qa3+ 37. Kc2 Qxb4 38. d5 Qxc5+
0-1

[Event "The Old Ones Are Sometimes The Best. . . "]
[Site "SchemingMind.com"]
[Date "2011.10.04"]
[Round "-"]
[White "Queeny"]
[Black "agulla"]
[Result "0-1"]
[WhiteCountry "ENG"]
[BlackCountry "ESP"]
[WhiteElo "1743"]
[WhiteRD "71"]
[BlackElo "1932"]
[BlackRD "91"]
[GameID "294285"]

1. e4 e6 2. d4 d5 3. e5 c5 4. Nf3 Nc6 5. Bb5 Qb6 6. Bxc6+ bxc6 7. O-O cxd4 8. Nxd4 Ba6 9. Re1 Bc5 10. c3 Ne7
11. b4 Bxd4 12. Qxd4 Nf5 13. Qxb6 axb6 14. Be3 Nxe3 15. Rxe3 c5 16. a3 Ke7 17. Nd2 Rhd8 18. Nf3 Bb5 19. Ree1 Ra4 20. h3 Rda8
21. bxc5 bxc5 22. Reb1 Bd7 23. Rb7 f6 24. exf6+ gxf6 25. Re1 Rxa3 26. Re3 Kd6 27. Rb6+ Kc7 28. Rbxe6 Bxe6 29. Rxe6 Rxc3 30. Rxf6 d4
31. Rf4 Kd6 32. Nxd4 cxd4 33. Rxd4+ Ke6 34. Rf4 h5 35. Kh2 Ra5 36. g4 Rg5 37. gxh5 Rxh5 38. f3 Ke5 39. Kg3 Rxh3+ 40. Kxh3= Kxf4
41. Kh4 Rxf3 42. Kh5 Rg3 43. Kh6 Kf5 44. Kh5 Rh3#
0-1

[Event "The Old Ones Are Sometimes The Best. . . "]
[Site "SchemingMind.com"]
[Date "2011.10.05"]
[Round "-"]
[White "Queeny"]
[Black "cnile"]
[Result "1-0"]
[WhiteCountry "ENG"]
[BlackCountry "SCO"]
[WhiteElo "1743"]
[WhiteRD "71"]
[BlackElo "1504"]
[BlackRD "59"]
[GameID "294286"]

1. e4 e6 2. d4 d5 3. Nc3 Nf6 4. e5 Nfd7 5. Nf3 c5 6. Bb5 Nc6 7. Bxc6 bxc6 8. Bg5 Qb6 9. b3 cxd4 10. Qxd4 Qxd4
11. Nxd4 Bb4 12. Bd2 Ba6 13. Nxc6 Ba3 14. Nd4 O-O 15. Nce2 Bxe2 16. Nxe2 Nxe5 17. b4 Rab8 18. Rb1 Rb5 19. Nd4 Rbb8 20. c3 a5
21. Bf4 axb4 22. Bxe5 Rb7 23. Nc2 b3 24. Nxa3
1-0

[Event "The Old Ones Are Sometimes The Best. . . "]
[Site "SchemingMind.com"]
[Date "2011.10.05"]
[Round "-"]
[White "Queeny"]
[Black "aadaam"]
[Result "1-0"]
[WhiteCountry "ENG"]
[BlackCountry "INT"]
[WhiteElo "1752"]
[WhiteRD "73"]
[BlackElo "1624"]
[BlackRD "73"]
[GameID "294287"]

1. e4 e6 2. d4 d5 3. e5 c5 4. c3 Nc6 5. Nf3 cxd4 6. cxd4 f6 7. Bb5 Qa5+ 8. Nc3 Bb4 9. Bxc6+ bxc6 10. Bd2 Ba6
11. Ne2 c5 12. a3 Bxd2+ 13. Qxd2 Qxd2+ 14. Nxd2 Bxe2 15. exf6 Nxf6 16. Kxe2 cxd4 17. Nf3 Kd7 18. Nxd4 e5 19. Nf5 g6 20. Ne3 Rac8
21. Rhc1 Ne4 22. Nxd5
1-0